Hamilton Songs - Sudden Death - The First Act - Statistics

General Stats
  • This quiz has been taken 745 times
    261 since last reset
  • The average score is 13 of 23
Answers on the Grid
Answers color-coded by a green-red scale on the quiz's grid according to % correct below.
A Winter's Ball
Aaron Burr, Sir
Alexander Hamilton
Ben Franklin's Song
Blow Us All Away
Boom Goes the Cannon
Burn
Clash of Kings
Crossing the Delaware
Dear Theodosia
Destiny Reigns
El Río
Farmer Refuted
For the Revolution
George Washington
Guns and Ships
Hamilton
Helpless
History Has It's Eyes On You
Immigrants (We Get the Job Done)
Liberty Song
Meet Me Inside
My Name is Alexander Hamilton
My Shot
Non-Stop
One Last Time
Revolution
Right Hand Man
Satisfied
Stay Alive
Stay Alive (Reprise)
Summer of '69
Ten Duel Commandments
That Would Be Enough
The Articles of Confederation
The Battle of Yorktown
The Federalist Papers
The Schuyler Sisters
The Story of Tonight
The Story of Tonight (Reprise)
The Surrender of Cornwallis
Valley Forge
Viva la Vida
Wait For It
What Comes Next?
What'd I Miss?
What'd I Miss? (Reprise)
Yorktown (The World Turned Upside Down)
You'll Be Back
Your Obedient Servant
 
Answer Stats
Answer % Correct
Aaron Burr, Sir
93%
Alexander Hamilton
93%
A Winter's Ball
93%
My Shot
64%
Guns and Ships
63%
Helpless
63%
Satisfied
63%
Right Hand Man
58%
Farmer Refuted
57%
Non-Stop
55%
Dear Theodosia
53%
Meet Me Inside
52%
Stay Alive
51%
Ten Duel Commandments
50%
History Has It's Eyes On You
47%
The Schuyler Sisters
46%
The Story of Tonight
44%
That Would Be Enough
39%
Wait For It
39%
You'll Be Back
39%
The Story of Tonight (Reprise)
37%
Yorktown (The World Turned Upside Down)
34%
What Comes Next?
31%
No matching quizzes found
Score Distribution
Percent of People with Each Score
Percentile by Number Answered
Your Score History
You have not taken this quiz since the last reset